000
00228nam a2200097Ia 4500
005
20250424112902.0
008
250424s9999 xx 000 0 und d
300
_a
vi, 214 p. ; 24 cm.
650
_a
Sociology--History.
942
_c
SR
999
_c
37694
_d
37694